Sports Quiz

Random Sports or Baseball Quiz

Sport Terms Quiz Stats

 Plays Quiz not verified by Sporcle

Support Sporcle.
Go Orange.
Score 0/25 Timer 08:00
0 Plays Today
Sport Call % Correct
BaseballOut
98%
BaseballFoul Ball
95.6%
BasketballPersonal Foul
95.6%
BasketballJump Ball
95.1%
BaseballBall
94.6%
BaseballStrike
93.1%
BaseballSteal
91.6%
BasketballDouble Dribble
91.1%
BaseballBunt
90.6%
BaseballSafe
86.7%
FootballField Goal
86.2%
FootballPunt
83.7%
FootballSafety
82.8%
Sport Call % Correct
FootballTouchdown
82.3%
FootballInterception
81.8%
BaseballRun
81.8%
FootballFace Mask
81.3%
BasketballTraveling
80.8%
FootballHolding
80.3%
BasketballCharge
79.3%
FootballKickoff
79.3%
BasketballThree Pointer
79.3%
BasketballCarry
78.3%
BasketballTwo Pointer
70.4%
BasketballBlocking
49.3%

You're not logged in!

Compare scores with friends on all Sporcle quizzes.
OR
Log In

From the Vault

Fictional Characters of Europe

by LTH

Even fictional characters need someplace to call home.
Remove Ads.
Support Sporcle.
Get the best of Sporcle when you Go Orange. This ad-free experience offers more features, more stats, and more fun while also helping to support Sporcle. Thank you for becoming a member.

Show Comments

Extras

Top Quizzes Today


Score Distribution

Your Account Isn't Verified!

In order to create a playlist on Sporcle, you need to verify the email address you used during registration. Go to your Sporcle Settings to finish the process.

Report this User

Report this user for behavior that violates our Community Guidelines.

Details: